000 00740nam a22001937a 4500
999 _c19140
_d19140
003 AR-CdUCM
008 190516b ||||| |||| 00| 0 spa d
040 _aMUNICIPALIDAD PROVINCIAL DEL CUSCO
_cBIBLIOTECA MUNICIPAL DEL CUSCO
082 _a985.004 /
_bR36
100 _aReinoso Romero, Edgar G.
_940307
245 _aMi lucha por la segunda independencia nacional del Perú :
_bRendición y libertad del hombre Peruano /
260 _aLima :
_c1969.
300 _a227 páginas ;
_c23 cm.
505 _aContenido : Cartas al presidente de la república -- Minas de Cuajone -- Reglamentación del decreto ley N° 17710 ...
650 _aDeberes del ciudadano
_940308
650 _aDictadura
_92687
942 _2ddc
_cLIBROS
945 _arcc